[Event "Olimpiada Calviá 2004"]
[Site "Calviá ESP"]
[Date "2004.10.27"]
[Round "12.56"]
[White "Simmons, Matthew"]
[Black "Lorne, Malaku"]
[Result "1-0"]
[WhiteElo "2065"]
[BlackElo "2110"]
[PlyCount "41"]
[EventDate "2004.10.15"]
[EventType "team"]
[EventRounds "14"]
[EventCountry "ESP"]
[Source "lmi"]
[SourceDate "2004.10.27"]

1. e4 c6 2. d4 d5 3. Nc3 dxe4 4. Nxe4 Nd7 5. Nf3 Ngf6 6. Ng3 e6 7. Bd3 Bd6 8.
O-O Qc7 9. c4 b6 10. Re1 h6 11. Nf5 Bf8 12. d5 Nc5 13. Bc2 g6 14. Qd4 gxf5 15.
Qxf6 Rg8 16. Bxf5 Be7 17. Qxh6 cxd5 18. cxd5 exd5 19. Bf4 Qb7 20. Bh7 Rf8 21.
Rxe7+ 1-0

[Event "Olimpiada Calviá 2004"]
[Site "Calviá ESP"]
[Date "2004.10.27"]
[Round "12.57"]
[White "Phillips, Roy"]
[Black "Asefi, Zahiruddin"]
[Result "0-1"]
[WhiteElo "2229"]
[BlackElo "2064"]
[PlyCount "68"]
[EventDate "2004.10.15"]
[EventType "team"]
[EventRounds "14"]
[EventCountry "ESP"]
[Source "lmi"]
[SourceDate "2004.10.27"]

1. e4 g6 2. d4 Bg7 3. Nc3 d6 4. Be3 Nd7 5. Qd2 c5 6. d5 a6 7. a4 Qa5 8. Nd1 Qc7
9. a5 Rb8 10. f3 Ne5 11. Be2 Bd7 12. Nc3 Nf6 13. h3 Bc8 14. f4 Ned7 15. Nf3 O-O
16. O-O b5 17. axb6 Rxb6 18. Ra2 Rb4 19. e5 Nh5 20. e6 fxe6 21. Ng5 Ndf6 22.
Bxh5 Nxh5 23. Nxe6 Bxe6 24. dxe6 Qb7 25. Nd5 Rd4 26. Bxd4 Bxd4+ 27. Ne3 Qe4 28.
Ra3 Nxf4 29. Kh2 Bxb2 30. Rxa6 Bd4 31. Nd1 Qxe6 32. Rxf4 Rxf4 33. Ra8+ Kg7 34.
g3 Re4 0-1

[Event "Olimpiada Calviá 2004"]
[Site "Calviá ESP"]
[Date "2004.10.27"]
[Round "12.57"]
[White "Chinasamy, Devarajen"]
[Black "Ayyoubi, Saifudin"]
[Result "1-0"]
[WhiteElo "2200"]
[BlackElo "2200"]
[PlyCount "90"]
[EventDate "2004.10.15"]
[EventType "team"]
[EventRounds "14"]
[EventCountry "ESP"]
[Source "lmi"]
[SourceDate "2004.10.27"]

1. e4 c5 2. Nc3 Nc6 3. f4 e6 4. Bc4 a6 5. a4 g6 6. Nf3 Bg7 7. d3 Nd4 8. O-O d6
9. Bd2 Ne7 10. Nxd4 Bxd4+ 11. Kh1 Nc6 12. Rb1 O-O 13. Qf3 Bg7 14. Ne2 Rb8 15.
Bc3 Nd4 16. Nxd4 cxd4 17. Bd2 Bd7 18. Bb3 Bc6 19. Qg4 Qd7 20. Ra1 b6 21. a5 b5
22. Rf2 Rb7 23. f5 exf5 24. exf5 d5 25. Qh4 Re8 26. f6 Bh8 27. Qxd4 Re6 28.
Raf1 Qe8 29. Qg4 Qd7 30. Qg5 Qd6 31. c3 Qd8 32. h4 Rd7 33. h5 Rdd6 34. hxg6
hxg6 35. Bf4 Bxf6 36. Qg4 Rd7 37. d4 Qe8 38. Bc2 Kg7 39. Bf5 Re1 40. Bxd7 Bxd7
41. Qf3 Rxf1+ 42. Rxf1 Be6 43. Bh6+ Kxh6 44. Qxf6 Bf5 45. Rxf5 Qd7 1-0

[Event "Olimpiada Calviá 2004"]
[Site "Calviá ESP"]
[Date "2004.10.27"]
[Round "12.58"]
[White "Eichab, Charles"]
[Black "Kovacova, Zuzana"]
[Result "0-1"]
[WhiteElo "2200"]
[BlackElo "2039"]
[PlyCount "62"]
[EventDate "2004.10.15"]
[EventType "team"]
[EventRounds "14"]
[EventCountry "ESP"]
[Source "lmi"]
[SourceDate "2004.10.27"]

1. e4 e5 2. Nf3 Nc6 3. Bb5 a6 4. Ba4 d6 5. d4 b5 6. Bb3 Nxd4 7. Nxd4 exd4 8.
Qxd4 c5 9. Qc3 c4 10. Bxc4 bxc4 11. Qxc4 Nf6 12. Nc3 Be7 13. Bf4 O-O 14. O-O-O
Qb6 15. f3 Be6 16. Nd5 Nxd5 17. exd5 Bf5 18. Rd2 Rab8 19. b3 Rfc8 20. Qa4 Qc5
21. c4 a5 22. Kd1 Bf6 23. g4 Bg6 24. Qd7 Rd8 25. Qc6 Qb4 26. g5 Bc3 27. Re2 Bh5
28. Rf1 Bd4 29. Bd2 Bc3 30. Bf4 a4 31. Rc2 axb3 0-1

[Event "Olimpiada Calviá 2004"]
[Site "Calviá ESP"]
[Date "2004.10.27"]
[Round "12.58"]
[White "Faulks, Nick"]
[Black "Mueller, Leonhard"]
[Result "1-0"]
[WhiteElo "2056"]
[BlackElo "2213"]
[PlyCount "63"]
[EventDate "2004.10.15"]
[EventType "team"]
[EventRounds "14"]
[EventCountry "ESP"]
[Source "lmi"]
[SourceDate "2004.10.27"]

1. e4 c5 2. Nc3 g6 3. Nf3 Bg7 4. d4 cxd4 5. Nxd4 Nc6 6. Be3 Nf6 7. Nxc6 bxc6 8.
e5 Ng8 9. f4 f6 10. Bc4 Nh6 11. O-O Nf5 12. Bc5 Qc7 13. g4 Nh6 14. exf6 Bxf6
15. Ne4 Bg7 16. Qe2 d5 17. Nd6+ Kd8 18. Nxc8 Rxc8 19. Rae1 Qd7 20. Ba6 Rc7 21.
h3 Nf7 22. Rf3 Nd6 23. Rb3 Re8 24. Rb8+ Nc8 25. Bxa7 Qd6 26. Bb6 Kd7 27. Bxc7
Kxc7 28. Rxc8+ Rxc8 29. Bxc8 Qxf4 30. Qh2 Qxh2+ 31. Kxh2 Kxc8 32. Rxe7 1-0

[Event "Olimpiada Calviá 2004"]
[Site "Calviá ESP"]
[Date "2004.10.27"]
[Round "12.59"]
[White "Ho, Cheng-Fai"]
[Black "Van Tilbury, Craig"]
[Result "0-1"]
[WhiteElo "2035"]
[BlackElo "2309"]
[PlyCount "82"]
[EventDate "2004.10.15"]
[EventType "team"]
[EventRounds "14"]
[EventCountry "ESP"]
[Source "lmi"]
[SourceDate "2004.10.27"]

1. d4 d5 2. c4 e5 3. dxe5 d4 4. Nf3 Nc6 5. Bf4 Nge7 6. Nbd2 Ng6 7. Bg3 a5 8. h4
h5 9. a3 Bg4 10. Qa4 Bd7 11. Qc2 a4 12. Qe4 Be6 13. Ng5 Nge7 14. Nxe6 fxe6 15.
Nf3 Nf5 16. O-O-O Qd7 17. e3 O-O-O 18. Be2 Nxg3 19. fxg3 Bc5 20. Rd3 Bb6 21.
exd4 Nxd4 22. Nxd4 Bxd4 23. Rf1 c5 24. b4 Qc7 25. Bf3 Rd7 26. Rfd1 Re7 27. Rxd4
cxd4 28. Rxd4 Rd8 29. Bxh5 Red7 30. Rxd7 Qxd7 31. Qe3 Qc6 32. Bf3 Qxc4+ 33. Kb2
Rd3 34. Qc5+ Qxc5 35. bxc5 Re3 36. Kc2 Rxa3 37. g4 Re3 38. g5 Rxe5 39. c6 bxc6
40. Kb2 Kd7 41. Ka3 Rf5 0-1

[Event "Olimpiada Calviá 2004"]
[Site "Calviá ESP"]
[Date "2004.10.27"]
[Round "12.59"]
[White "Hook, William"]
[Black "Calangi, Zachary Alexander"]
[Result "1/2-1/2"]
[WhiteElo "2108"]
[BlackElo "2142"]
[PlyCount "95"]
[EventDate "2004.10.15"]
[EventType "team"]
[EventRounds "14"]
[EventCountry "ESP"]
[Source "lmi"]
[SourceDate "2004.10.27"]

1. d4 Nf6 2. Nf3 e6 3. e3 b6 4. Be2 Bb7 5. O-O Be7 6. b3 O-O 7. Bb2 d5 8. c4
Nbd7 9. Nbd2 c5 10. Rc1 Rc8 11. Rc2 Ne4 12. Qa1 Bf6 13. Rd1 Qe7 14. Ne5 Rfd8
15. Ng4 cxd4 16. Nxe4 dxe4 17. Nxf6+ Qxf6 18. Bxd4 Qg5 19. Rcd2 Bc6 20. h4 Qh6
21. g3 f6 22. Bb2 Qg6 23. Rd6 Qf7 24. R1d2 Re8 25. b4 Rc7 26. Qd1 Nf8 27. b5
Bd7 28. Bh5 g6 29. Be2 e5 30. a4 Re6 31. Ba3 h5 32. a5 Rb7 33. R2d5 Be8 34. Rd8
Kg7 35. c5 bxc5 36. Bxc5 Ree7 37. Qa4 Red7 38. Bc4 Ne6 39. R8xd7 Rxd7 40. Rxd7
Qxd7 41. Bxe6 Qxe6 42. Qxe4 Bxb5 43. Qb7+ Qd7 44. Qxd7+ Bxd7 45. Bxa7 Kf7 46.
f4 Ke6 47. Kf2 Kf5 48. Bb6 1/2-1/2

[Event "Olimpiada Calviá 2004"]
[Site "Calviá ESP"]
[Date "2004.10.27"]
[Round "12.60"]
[White "Press, Shaun"]
[Black "Kumar, Manoj"]
[Result "1-0"]
[WhiteElo "2070"]
[BlackElo "2036"]
[PlyCount "57"]
[EventDate "2004.10.15"]
[EventType "team"]
[EventRounds "14"]
[EventCountry "ESP"]
[Source "lmi"]
[SourceDate "2004.10.27"]

1. d4 Nf6 2. Nf3 e6 3. Bg5 d5 4. e3 Nbd7 5. Bd3 c5 6. c3 Be7 7. Nbd2 b6 8. Qa4
O-O 9. Ne5 Nxe5 10. dxe5 Nd7 11. Qh4 h6 12. Bxe7 Qe8 13. Bxf8 Qxf8 14. f4 Bb7
15. Rg1 a6 16. g4 Qd8 17. g5 Nf8 18. Qh5 hxg5 19. Qxg5 Qxg5 20. Rxg5 g6 21. Kf2
Kg7 22. Rag1 Kh6 23. R1g3 b5 24. Nf3 Rd8 25. h4 d4 26. cxd4 Bxf3 27. Kxf3 cxd4
28. h5 dxe3 29. Kxe3 1-0

[Event "Olimpiada Calviá 2004"]
[Site "Calviá ESP"]
[Date "2004.10.27"]
[Round "12.63"]
[White "Croes, Octavio"]
[Black "Hoareau, Benjamin"]
[Result "1/2-1/2"]
[WhiteElo "2058"]
[BlackElo "2200"]
[PlyCount "73"]
[EventDate "2004.10.15"]
[EventType "team"]
[EventRounds "14"]
[EventCountry "ESP"]
[Source "lmi"]
[SourceDate "2004.10.27"]

1. d4 d5 2. c4 c6 3. g3 Nf6 4. Bg2 g6 5. Nf3 Bg7 6. O-O O-O 7. Nc3 Na6 8. Ne5
Nc7 9. b3 Re8 10. Bb2 dxc4 11. bxc4 Ng4 12. Nxg4 Bxg4 13. Ne4 Qd7 14. Qd2 b6
15. Rfd1 Rad8 16. f3 Bh3 17. Nf2 Bxg2 18. Kxg2 e5 19. e3 exd4 20. exd4 Qe6 21.
Qb4 Bxd4 22. Bxd4 Rxd4 23. Rxd4 c5 24. Qd2 cxd4 25. Qxd4 f5 26. c5 bxc5 27.
Qxc5 Qe5 28. Rc1 Qxc5 29. Rxc5 Re7 30. f4 Kf7 31. Nd3 Ne8 32. Ne5+ Kg7 33. Ra5
Rc7 34. Ra6 Nf6 35. Nc6 Kh6 36. h3 Ne4 37. Nxa7 1/2-1/2

[Event "Olimpiada Calviá 2004"]
[Site "Calviá ESP"]
[Date "2004.10.27"]
[Round "12.64"]
[White "Srivachirawat, Kannapon"]
[Black "Dukaczewski, Piotr"]
[Result "1-0"]
[WhiteElo "2166"]
[BlackElo "2366"]
[PlyCount "67"]
[EventDate "2004.10.15"]
[EventType "team"]
[EventRounds "14"]
[EventCountry "ESP"]
[Source "lmi"]
[SourceDate "2004.10.27"]

1. e4 c5 2. c3 d5 3. exd5 Qxd5 4. d4 Nf6 5. Nf3 e6 6. Bd3 Be7 7. O-O Nc6 8. c4
Qd8 9. dxc5 O-O 10. a3 a5 11. Nc3 Bxc5 12. Bg5 h6 13. Bh4 Be7 14. Qe2 Nd7 15.
Bg3 e5 16. Rad1 Bf6 17. h4 Qe8 18. Nd5 Bd8 19. Rfe1 Ra6 20. c5 Ra8 21. b4 axb4
22. axb4 Nf6 23. Nxf6+ Bxf6 24. b5 Nb4 25. Nxe5 Ra2 26. Qe4 Nxd3 27. Qxd3 Be6
28. Nd7 Qxd7 29. Qxd7 Bxd7 30. Rxd7 Rc8 31. Rc1 Ra1 32. Rxa1 Bxa1 33. c6 bxc6
34. b6 1-0

[Event "Olimpiada Calviá 2004"]
[Site "Calviá ESP"]
[Date "2004.10.27"]
[Round "12.64"]
[White "Zoltek, Tadeusz"]
[Black "Theerapabpaisit, Wisuwat"]
[Result "1-0"]
[WhiteElo "2313"]
[BlackElo "2277"]
[PlyCount "33"]
[EventDate "2004.10.15"]
[EventType "team"]
[EventRounds "14"]
[EventCountry "ESP"]
[Source "lmi"]
[SourceDate "2004.10.27"]

1. c4 Nf6 2. Nc3 e5 3. Nf3 Nc6 4. g3 d5 5. cxd5 Nxd5 6. Bg2 Be6 7. O-O f6 8. d4
exd4 9. Nxd4 Nxd4 10. Qxd4 Nxc3 11. Qxc3 c6 12. Be3 Qc7 13. Rfc1 Bd6 14. Bxa7
Be5 15. Bd4 Bxd4 16. Qxd4 Bxa2 17. Bd5 1-0

[Event "Olimpiada Calviá 2004"]
[Site "Calviá ESP"]
[Date "2004.10.27"]
[Round "12.64"]
[White "Jiravorasuk, Banjuab"]
[Black "Mora Manez, Julio"]
[Result "1-0"]
[WhiteElo "2323"]
[BlackElo "2064"]
[PlyCount "79"]
[EventDate "2004.10.15"]
[EventType "team"]
[EventRounds "14"]
[EventCountry "ESP"]
[Source "lmi"]
[SourceDate "2004.10.27"]

1. e4 c5 2. Nf3 d6 3. d4 cxd4 4. Nxd4 Nf6 5. Nc3 e6 6. Be3 Be7 7. f3 O-O 8. Qd2
Nc6 9. O-O-O d5 10. exd5 Nxd5 11. Nxd5 Qxd5 12. Nxc6 Qxc6 13. Bd4 Qc7 14. Qc3
Qxc3 15. Bxc3 b6 16. Bb5 Bb7 17. Be5 Rfd8 18. c4 Rxd1+ 19. Rxd1 Rd8 20. Rxd8+
Bxd8 21. Bd6 g5 22. b4 Bc8 23. c5 bxc5 24. bxc5 h5 25. Bc6 f5 26. Ba8 Kf7 27.
c6 Be7 28. Bc7 Ba6 29. Kc2 Bf1 30. Bb8 Bd8 31. g3 Bg2 32. f4 g4 33. Bxa7 Bc7
34. Bd4 Ke7 35. Kc3 Kd8 36. Kb4 Bd5 37. a4 h4 38. a5 h3 39. Bb7 Bd6+ 40. Kb5
1-0

[Event "Olimpiada Calviá 2004"]
[Site "Calviá ESP"]
[Date "2004.10.27"]
[Round "12.64"]
[White "Pohlers, Rolf"]
[Black "Saeheng, Boonsueb"]
[Result "0-1"]
[WhiteElo "2148"]
[BlackElo "2242"]
[PlyCount "92"]
[EventDate "2004.10.15"]
[EventType "team"]
[EventRounds "14"]
[EventCountry "ESP"]
[Source "lmi"]
[SourceDate "2004.10.27"]

1. d4 Nf6 2. c4 g6 3. Nc3 Bg7 4. e4 d6 5. Nf3 O-O 6. h3 e5 7. d5 a5 8. Bg5 Na6
9. g4 Nc5 10. Qc2 Bd7 11. Bg2 Kh8 12. Nd2 Qe8 13. Be3 Na6 14. a3 Ng8 15. O-O-O
Qe7 16. g5 f5 17. gxf6 Nxf6 18. Bf3 b6 19. Rdg1 Nc5 20. h4 Qe8 21. Be2 a4 22.
Rg3 Qf7 23. Rhg1 Rg8 24. Kb1 Raf8 25. Nf3 Qe8 26. Nd2 Nh5 27. Bxh5 gxh5 28. Nf3
h6 29. Nd2 Kh7 30. Qd1 Bg4 31. Qf1 Bf6 32. Ka1 Qd8 33. f3 Bd7 34. Rxg8 Rxg8 35.
Bf2 Be7 36. Nd1 Qf8 37. Ne3 Qf4 38. Qe2 Qf7 39. Ka2 Nb3 40. Nc2 Nxd2 41. Qxd2
Qxf3 42. Re1 Rg2 43. Re2 Bg4 44. Ne1 Qxe2 45. Qxe2 Bxe2 46. Nxg2 Bxc4+ 0-1

[Event "Olimpiada Calviá 2004 Femenina"]
[Site "Calviá ESP"]
[Date "2004.10.27"]
[Round "12.14"]
[White "Sabirova, Olga"]
[Black "Erneste, Inguna"]
[Result "1-0"]
[WhiteElo "2250"]
[BlackElo "2310"]
[PlyCount "79"]
[EventDate "2004.10.15"]
[EventType "team"]
[EventRounds "14"]
[EventCountry "ESP"]
[Source "lmi"]
[SourceDate "2004.10.27"]

1. e4 e5 2. Nc3 Nf6 3. Bc4 Nc6 4. d3 d6 5. f4 exf4 6. Bxf4 Na5 7. Bb3 Nxb3 8.
axb3 Be7 9. Nge2 O-O 10. O-O d5 11. e5 Ne8 12. Be3 f6 13. d4 c6 14. Ng3 f5 15.
Qd3 Bg5 16. Nce2 Nc7 17. Bxg5 Qxg5 18. Nf4 Ne6 19. Nge2 Qh6 20. Nxe6 Bxe6 21.
Nf4 g5 22. Qg3 Kf7 23. Nxe6 Kxe6 24. c4 Rad8 25. Rxa7 Rf7 26. Qd3 f4 27. Qc3
Qg6 28. cxd5+ cxd5 29. Rxb7 Rxb7 30. Qc6+ Kf7 31. Qxb7+ Kg8 32. Qc7 Rf8 33. Re1
g4 34. Qd7 f3 35. Qxd5+ Kg7 36. Rf1 f2+ 37. Kh1 g3 38. e6 Qd3 39. Qc4 Qf5 40.
Qc7+ 1-0

[Event "Olimpiada Calviá 2004"]
[Site "Calviá ESP"]
[Date "2004.10.28"]
[Round "13.1"]
[White "Ponomariov, Ruslan"]
[Black "Azmaiparashvili, Zurab"]
[Result "1/2-1/2"]
[WhiteElo "2710"]
[BlackElo "2672"]
[PlyCount "20"]
[EventDate "2004.10.15"]
[EventType "team"]
[EventRounds "14"]
[EventCountry "ESP"]
[Source "lmi"]
[SourceDate "2004.10.27"]

1. c4 e6 2. Nf3 Nf6 3. g3 d5 4. d4 Bb4+ 5. Bd2 Be7 6. Bg2 O-O 7. O-O c6 8. Qb3
Nbd7 9. Rc1 Ne4 10. Be3 Nd6 1/2-1/2

[Event "Olimpiada Calviá 2004"]
[Site "Calviá ESP"]
[Date "2004.10.28"]
[Round "13.1"]
[White "Kacheishvili, Giorgi"]
[Black "Volokitin, Andrei"]
[Result "1/2-1/2"]
[WhiteElo "2599"]
[BlackElo "2652"]
[PlyCount "29"]
[EventDate "2004.10.15"]
[EventType "team"]
[EventRounds "14"]
[EventCountry "ESP"]
[Source "lmi"]
[SourceDate "2004.10.27"]

1. d4 Nf6 2. c4 e6 3. Nf3 b6 4. Bg5 Bb7 5. Nc3 h6 6. Bh4 Be7 7. e3 Ne4 8. Nxe4
Bxe4 9. Bg3 O-O 10. Nd2 Bb7 11. Bd3 c5 12. dxc5 bxc5 13. O-O Qb6 14. Qc2 Nc6
15. a3 1/2-1/2

[Event "Olimpiada Calviá 2004"]
[Site "Calviá ESP"]
[Date "2004.10.28"]
[Round "13.1"]
[White "Gelashvili, Tamaz"]
[Black "Eljanov, Pavel"]
[Result "1/2-1/2"]
[WhiteElo "2576"]
[BlackElo "2629"]
[PlyCount "31"]
[EventDate "2004.10.15"]
[EventType "team"]
[EventRounds "14"]
[EventCountry "ESP"]
[Source "lmi"]
[SourceDate "2004.10.27"]

1. d4 Nf6 2. c4 e6 3. Nf3 b6 4. e3 Bb7 5. Bd3 d5 6. O-O Bd6 7. Nc3 O-O 8. b3 a6
9. Bb2 Nbd7 10. Rc1 Qe7 11. Qe2 c5 12. cxd5 exd5 13. Bf5 b5 14. dxc5 Nxc5 15.
Qd1 Ne6 16. Ne2 1/2-1/2

[Event "Olimpiada Calviá 2004"]
[Site "Calviá ESP"]
[Date "2004.10.28"]
[Round "13.2"]
[White "Arizmendi, Martinez Julen"]
[Black "Filippov, Anton"]
[Result "1-0"]
[WhiteElo "2531"]
[BlackElo "2475"]
[PlyCount "109"]
[EventDate "2004.10.15"]
[EventType "team"]
[EventRounds "14"]
[EventCountry "ESP"]
[Source "lmi"]
[SourceDate "2004.10.27"]

1. e4 e5 2. Nf3 Nc6 3. Bb5 a6 4. Ba4 Nf6 5. O-O Be7 6. Re1 b5 7. Bb3 d6 8. c3
O-O 9. h3 Na5 10. Bc2 c5 11. d4 Qc7 12. b4 cxb4 13. cxb4 Nc6 14. Bb2 exd4 15.
Nxd4 Nxd4 16. Bxd4 Be6 17. Nc3 Rfc8 18. Bb3 Qd7 19. Qf3 Bxb3 20. axb3 Re8 21.
Ra2 h6 22. Bxf6 Bxf6 23. Nd5 Bd8 24. Rea1 Qc8 25. Qd3 Qb7 26. g4 Bb6 27. Kg2
Rec8 28. Rc2 Bd8 29. Rac1 Qd7 30. Rc3 Kf8 31. Qc2 Rxc3 32. Qxc3 Qe6 33. Qc6 Rb8
34. f3 Qe5 35. Qc2 Kg8 36. f4 Qe6 37. Kf3 a5 38. bxa5 Bxa5 39. b4 Bd8 40. Qc6
h5 41. Ne3 Bb6 42. Nf5 Qa2 43. Qc2 Qa3+ 44. Qc3 Ra8 45. gxh5 Kf8 46. Qxa3 Rxa3+
47. Kg4 Ra8 48. Nxd6 Rd8 49. e5 f6 50. Kf5 Ba7 51. Rc7 Bb8 52. Rc8 Rxc8 53.
Nxc8 Ke8 54. Nd6+ Kd7 55. exf6 1-0

[Event "Olimpiada Calviá 2004"]
[Site "Calviá ESP"]
[Date "2004.10.28"]
[Round "13.3"]
[White "Zvjaginsev, Vadim"]
[Black "Arencibia, Walter"]
[Result "1/2-1/2"]
[WhiteElo "2650"]
[BlackElo "2516"]
[PlyCount "95"]
[EventDate "2004.10.15"]
[EventType "team"]
[EventRounds "14"]
[EventCountry "ESP"]
[Source "lmi"]
[SourceDate "2004.10.27"]

1. c4 e6 2. Nc3 Bb4 3. Qb3 Nc6 4. Nf3 Nf6 5. a3 Bxc3 6. Qxc3 O-O 7. d4 a5 8. b3
d6 9. Bb2 Re8 10. Rd1 Qe7 11. h3 b6 12. e3 Bb7 13. Be2 Qf8 14. O-O Ne7 15. Nd2
Ng6 16. Rfe1 e5 17. d5 c6 18. dxc6 Bxc6 19. Bf1 Qe7 20. e4 Qb7 21. Qe3 Rad8 22.
Bc3 h6 23. Ra1 Qc7 24. Rec1 Ra8 25. f3 h5 26. Nb1 Nd7 27. Be1 Nc5 28. Nd2 h4
29. Bf2 Reb8 30. b4 Ne6 31. Nb3 Qe7 32. c5 dxc5 33. bxa5 bxa5 34. Nxc5 Bb5 35.
Nxe6 Qxe6 36. Bxb5 Rxb5 37. Qd2 a4 38. Be3 Rb3 39. Rc3 Rxc3 40. Qxc3 Rc8 41.
Qd2 Qb3 42. Rc1 Rxc1+ 43. Qxc1 Kh7 44. Kh2 f6 45. Qc5 Nf4 46. Bxf4 exf4 47.
Qh5+ Kg8 48. Qe8+ 1/2-1/2

[Event "Olimpiada Calviá 2004"]
[Site "Calviá ESP"]
[Date "2004.10.28"]
[Round "13.4"]
[White "Lautier, Joel"]
[Black "Akopian, Vladimir"]
[Result "1-0"]
[WhiteElo "2682"]
[BlackElo "2692"]
[PlyCount "93"]
[EventDate "2004.10.15"]
[EventType "team"]
[EventRounds "14"]
[EventCountry "ESP"]
[Source "lmi"]
[SourceDate "2004.10.27"]

1. d4 d5 2. c4 c6 3. Nf3 Nf6 4. e3 e6 5. Bd3 dxc4 6. Bxc4 Nbd7 7. O-O Bd6 8.
Nc3 O-O 9. e4 e5 10. Be3 Qe7 11. Bb3 exd4 12. Bxd4 Ne5 13. Nxe5 Bxe5 14. Bxe5
Qxe5 15. f4 Qc5+ 16. Kh1 Be6 17. e5 Rad8 18. Qf3 Bxb3 19. axb3 Nd5 20. Ne4 Qb6
21. Rae1 f6 22. e6 Ne7 23. f5 Rd5 24. Ng3 Qd4 25. Re2 Rfd8 26. h3 Qh4 27. Re4
Qh6 28. Rfe1 Kf8 29. Kh2 a6 30. Qf2 Ke8 31. Qa7 Rd2 32. Qxb7 Rxb2 33. R1e3 g6
34. Qa7 Rbd2 35. Rb4 Qg7 36. Ne4 R2d5 37. Rb7 Kf8 38. Rf3 g5 39. Rb8 Ng8 40.
Rb7 Ne7 41. Rb8 Ng8 42. Qb6 Qe7 43. Rb7 Rb5 44. Rxe7 Rxb6 45. Rxh7 Rb4 46. Nc5
Ke8 47. Nxa6 1-0

[Event "Olimpiada Calviá 2004"]
[Site "Calviá ESP"]
[Date "2004.10.28"]
[Round "13.6"]
[White "Ganguly, Surya Shekhar"]
[Black "Miton, Kamil"]
[Result "1/2-1/2"]
[WhiteElo "2559"]
[BlackElo "2600"]
[PlyCount "124"]
[EventDate "2004.10.15"]
[EventType "team"]
[EventRounds "14"]
[EventCountry "ESP"]
[Source "lmi"]
[SourceDate "2004.10.27"]

1. e4 g6 2. d4 Bg7 3. Nc3 c6 4. Nf3 d6 5. Be3 Nf6 6. Qd2 b5 7. Bd3 Nbd7 8. a4
b4 9. Ne2 a5 10. Bh6 Bxh6 11. Qxh6 e5 12. c3 bxc3 13. bxc3 Ng4 14. Qd2 O-O 15.
Ng3 Re8 16. O-O Nf8 17. Rab1 Kg7 18. h3 Nf6 19. Rfe1 Qc7 20. Bc4 Ne6 21. Bxe6
Bxe6 22. Nh4 Ng8 23. f4 exf4 24. Qxf4 Rab8 25. Rxb8 Rxb8 26. Rf1 Rb7 27. Nhf5+
Bxf5 28. exf5 d5 29. Qg5 h6 30. f6+ Kh7 31. Qe5 Qb8 32. Kh2 h5 33. c4 dxc4 34.
Ne4 Nh6 35. Nd6 Rd7 36. Nxf7 Qxe5+ 37. Nxe5 Rd8 38. Nxc6 Ra8 39. Rc1 Kg8 40.
Rxc4 Kf7 41. Ne5+ Kxf6 42. Rc6+ Kf5 43. Rxg6 Ng8 44. h4 Nf6 45. Rg5+ Kf4 46.
Rg3 Ke4 47. Rf3 Ra6 48. Kh3 Kxd4 49. Rf5 Kc3 50. Rf3+ Kb4 51. Rf4+ Kb3 52. g4
hxg4+ 53. Nxg4 Nd5 54. Rf5 Ne7 55. Re5 Ng6 56. Re4 Nxh4 57. Kxh4 Rb6 58. Kg3
Rb4 59. Re5 Kxa4 60. Kf3 Rb5 61. Re8 Kb3 62. Re3+ Kb2 1/2-1/2

[Event "Olimpiada Calviá 2004"]
[Site "Calviá ESP"]
[Date "2004.10.28"]
[Round "13.7"]
[White "Kotronias, Vasilios"]
[Black "Georgiev, Kiril"]
[Result "1/2-1/2"]
[WhiteElo "2599"]
[BlackElo "2625"]
[PlyCount "61"]
[EventDate "2004.10.15"]
[EventType "team"]
[EventRounds "14"]
[EventCountry "ESP"]
[Source "lmi"]
[SourceDate "2004.10.27"]

1. e4 e5 2. Nf3 Nc6 3. Bb5 Nf6 4. O-O Nxe4 5. d4 Nd6 6. Ba4 e4 7. Re1 Be7 8.
Ne5 O-O 9. Nc3 f6 10. Ng4 f5 11. Ne5 Nxe5 12. dxe5 Nf7 13. Bb3 Kh8 14. Bxf7
Rxf7 15. Bf4 d6 16. Qd5 Rf8 17. exd6 Bxd6 18. Rad1 Bd7 19. Bxd6 Bc6 20. Qe5
cxd6 21. Rxd6 Qh4 22. Qg3 Qe7 23. Qf4 h6 24. h4 Rad8 25. Red1 Rxd6 26. Rxd6 Rd8
27. Rxd8+ Qxd8 28. Qxf5 Qd2 29. Qc8+ Kh7 30. Qf5+ Kh8 31. Qc8+ 1/2-1/2

[Event "Olimpiada Calviá 2004"]
[Site "Calviá ESP"]
[Date "2004.10.28"]
[Round "13.7"]
[White "Delchev, Aleksander"]
[Black "Papaioannou, Ioannis"]
[Result "1/2-1/2"]
[WhiteElo "2601"]
[BlackElo "2577"]
[PlyCount "132"]
[EventDate "2004.10.15"]
[EventType "team"]
[EventRounds "14"]
[EventCountry "ESP"]
[Source "lmi"]
[SourceDate "2004.10.27"]

1. e4 c6 2. d4 d5 3. Nd2 dxe4 4. Nxe4 Nf6 5. Nxf6+ gxf6 6. Ne2 Nd7 7. Ng3 Nb6
8. Be2 e5 9. O-O Be6 10. dxe5 fxe5 11. Qxd8+ Rxd8 12. Nh5 f5 13. b3 Kf7 14. Bb2
Bd6 15. Rad1 Rhg8 16. c4 f4 17. c5 Bd5 18. Rxd5 Nxd5 19. cxd6 Rxd6 20. Bf3 Re8
21. Re1 Rde6 22. Re4 b5 23. g3 fxg3 24. hxg3 a5 25. Bg4 R6e7 26. Bf5 c5 27. Kf1
Nb4 28. a4 Nd3 29. Bc3 c4 30. axb5 cxb3 31. Ra4 e4 32. Rxa5 b2 33. Bxb2 Nxb2
34. Ra6 Nc4 35. Rf6+ Kg8 36. Rc6 Nd2+ 37. Ke2 Rd8 38. b6 Nb3 39. Rc8 Nd4+ 40.
Kd2 Ne6+ 41. Rxd8+ Nxd8 42. Bxe4 Re5 43. g4 Kf7 44. Bxh7 Rb5 45. f4 Rxb6 46.
Bd3 Rh6 47. Ke3 Kf8 48. Ng3 Ne6 49. Bf5 Rh3 50. Bxe6 Rxg3+ 51. Ke4 Kg7 52. Kf5
Ra3 53. Bd5 Rg3 54. Kg5 Rd3 55. Be6 Re3 56. f5 Rf3 57. Kh4 Rf1 58. g5 Rf4+ 59.
Kh5 Rf1 60. Kg4 Rg1+ 61. Kf4 Rf1+ 62. Ke5 Re1+ 63. Kd6 Rg1 64. Ke7 Rxg5 65. f6+
Kh8 66. f7 Rg7 1/2-1/2

[Event "Olimpiada Calviá 2004"]
[Site "Calviá ESP"]
[Date "2004.10.28"]
[Round "13.7"]
[White "Halkias, Stelios"]
[Black "Cheparinov, Ivan"]
[Result "1/2-1/2"]
[WhiteElo "2526"]
[BlackElo "2576"]
[PlyCount "27"]
[EventDate "2004.10.15"]
[EventType "team"]
[EventRounds "14"]
[EventCountry "ESP"]
[Source "lmi"]
[SourceDate "2004.10.27"]

1. d4 d5 2. c4 c6 3. Nc3 e5 4. e3 exd4 5. exd4 Nf6 6. Nf3 Be7 7. cxd5 Nxd5 8.
Bd3 O-O 9. h3 c5 10. O-O cxd4 11. Nxd4 Nc6 12. Nxc6 bxc6 13. Qf3 Be6 14. Be4
1/2-1/2

[Event "Olimpiada Calviá 2004"]
[Site "Calviá ESP"]
[Date "2004.10.28"]
[Round "13.9"]
[White "Gyimesi, Zoltan"]
[Black "Xu, Jun"]
[Result "1/2-1/2"]
[WhiteElo "2613"]
[BlackElo "2589"]
[PlyCount "88"]
[EventDate "2004.10.15"]
[EventType "team"]
[EventRounds "14"]
[EventCountry "ESP"]
[Source "lmi"]
[SourceDate "2004.10.27"]

1. d4 d5 2. c4 c6 3. Nf3 Nf6 4. Nc3 dxc4 5. a4 Bf5 6. Ne5 Nbd7 7. Nxc4 Nb6 8.
Ne5 a5 9. g3 e6 10. Bg2 Bb4 11. O-O O-O 12. e3 h6 13. Qe2 Bh7 14. Rd1 Nfd7 15.
Nxd7 Nxd7 16. e4 Qe7 17. Be3 Rfd8 18. d5 Bc5 19. Bxc5 Qxc5 20. Rac1 Qb6 21. Rd2
exd5 22. exd5 Re8 23. Qd1 Nc5 24. dxc6 bxc6 25. Rd6 Rad8 26. Nd5 Rxd6 27. Nxb6
Rxd1+ 28. Rxd1 Rb8 29. Rd6 Bc2 30. Rxc6 Bxa4 31. Rxc5 Rxb6 32. Rxa5 Bc2 33. Rc5
Bg6 34. h4 Rxb2 35. h5 Rc2 36. Rb5 Rc1+ 37. Kh2 Bd3 38. Rd5 Bb1 39. Rd8+ Kh7
40. Bd5 Rc7 41. Rf8 g6 42. Rxf7+ Rxf7 43. Bxf7 gxh5 44. Bxh5 Kg7 1/2-1/2